[Event "Drammen Autumn"]
[Site "Drammen"]
[Date "2009.11.17"]
[Round "8"]
[White "Edvardsen, Leif"]
[Black "Edvardsen, Oystein"]
[Result "1-0"]
[WhiteElo "1092"]
[BlackElo "1464"]
[PlyCount "97"]
[EventDate "2009.09.08"]
[EventType "swiss"]
[EventRounds "9"]
[EventCountry "NOR"]
[SourceTitle "EXT 2024"]
[Source "ChessBase"]
[SourceDate "2023.10.10"]
[SourceVersion "1"]
[SourceVersionDate "2023.10.10"]
[SourceQuality "1"]

1. e4 e5 2. Nf3 Nc6 3. Bb5 a6 4. Bxc6 dxc6 5. 0-0 Bg4 6. d3 Nf6 7. Bg5 h6 8. Bxf6 gxf6 9. h3 Bh5 10. g4 Rg8 11. Nh2 f5 12. exf5 Bxg4 13. hxg4 h5 14. f3 Bc5+ 15. Kh1 Qh4 16. Qe2 0-0-0 17. Nd2 hxg4 18. fxg4 Rh8 19. Rg1 Qxh2+ 20. Qxh2 Rxh2+ 21. Kxh2 Rh8+ 22. Kg3 Bxg1 23. Rxg1 Kd7 24. Ne4 b6 25. a4 c5 26. c4 Kc6 27. Nf6 Rd8 28. Rd1 b5 29. axb5+ axb5 30. b3 Ra8 31. Ne4 Ra3 32. cxb5+ Kxb5 33. Nd2 Ra2 34. Kf3 Kb4 35. g5 Kc3 36. Ke3 Kc2 37. Rh1 Kc3 38. Rc1+ Kb4 39. Rc4+ Kb5 40. Ne4 Rg2 41. Rxc5+ Kb6 42. Kf3 Rxg5 43. Rxe5 Rg1 44. Ke3 Rb1 45. Nd2 Re1+ 46. Kd4 Rc1 47. Nc4+ Kb7 48. Re7 f6 49. Re6 1-0

[Event "Drammen Autumn"]
[Site "Drammen"]
[Date "2009.09.15"]
[Round "2"]
[White "Haugjord, Sverre"]
[Black "Edvardsen, Leif"]
[Result "1/2-1/2"]
[WhiteElo "1329"]
[BlackElo "1092"]
[PlyCount "112"]
[EventDate "2009.09.08"]
[EventType "swiss"]
[EventRounds "9"]
[EventCountry "NOR"]
[SourceTitle "EXT 2024"]
[Source "ChessBase"]
[SourceDate "2023.10.10"]
[SourceVersion "1"]
[SourceVersionDate "2023.10.10"]
[SourceQuality "1"]

1. Nf3 c5 2. e4 d6 3. Bc4 e6 4. 0-0 Nc6 5. d4 cxd4 6. Nxd4 Qb6 7. Nxc6 bxc6 8. Re1 Bb7 9. Nc3 Nf6 10. Rb1 Be7 11. Bf4 e5 12. Be3 Qd8 13. Qe2 0-0 14. Ba6 Bxa6 15. Qxa6 Qc7 16. f3 Nd7 17. Red1 Nb8 18. Qc4 Qd7 19. Qa4 Qb7 20. Qc4 Kh8 21. a3 Nd7 22. Na2 Nf6 23. Nb4 c5 24. Nd5 Nxd5 25. Rxd5 a6 26. Qd3 Qc6 27. c4 Rfd8 28. Rd1 a5 29. Bf2 Qa4 30. h3 f6 31. Be1 Rab8 32. Bd2 Ra8 33. Be1 Rab8 34. Bc3 Ra8 35. Qe2 h6 36. g3 Qe8 37. Rf1 a4 38. f4 Qg8 39. fxe5 fxe5 40. Qh5 Rf8 41. Qd1 Rxf1+ 42. Qxf1 Rf8 43. Qe2 Qf7 44. Rd1 Qf3 45. Qxf3 Rxf3 46. Kg2 Rf8 47. Rf1 Rxf1 48. Kxf1 Kg8 49. Ke2 Kf8 50. Kd1 Ke8 51. Kc2 Kd8 52. b3 axb3+ 53. Kxb3 Kc7 54. h4 h5 55. Kc2 Kd7 56. Kd3 Ke6 1/2-1/2